|
|
|
|
| LEADER |
00000nab a2200000 a 4500 |
| 001 |
vtls000069093 |
| 003 |
SK-MaSNL |
| 005 |
20260305001408.0 |
| 008 |
250422c1980 xo 0 slo |
| 015 |
|
|
|a SNBRB19rr/mm-uuuuu
|
| 035 |
|
|
|a CL0079193
|
| 035 |
|
|
|a urn:nbn:sk:snk-ab1u6k
|
| 035 |
|
|
|a (urnnbn)urn:nbn:sk:snk:ar-a00yo2
|
| 035 |
|
|
|a (uuid)b70892c7-fa9b-4059-a5b3-8a42807f8a92
|
| 040 |
|
|
|a SNKBUCL
|b slo
|c SNKBUCL
|e AACR2
|
| 041 |
0 |
|
|a slo
|
| 044 |
|
|
|a xo
|c SK
|
| 080 |
|
|
|a 78.071
|2 1981
|
| 100 |
1 |
|
|a Livora, František,
|d 1936-2025
|4 aut
|9 6012
|
| 245 |
1 |
0 |
|a Náš spevák v Brémach
|b Hovoríme so sólistom opery Brémskeho divadla Františkom Livorom
|c František Livora, G. Rapoš
|
| 300 |
|
|
|b Obr. 1.
|
| 600 |
1 |
7 |
|a Livora, František,
|d 1936-2025
|2 snkbucl
|9 6012
|
| 655 |
|
7 |
|a články z novín a časopisov
|2 snkbucl
|9 267496
|
| 700 |
1 |
|
|a Rapoš, Gabriel,
|d 1917-1994
|4 aut
|9 110728
|
| 773 |
0 |
|
|t Hudobný život
|g Roč. 12, č. 17 (1980), s. 2
|
| 850 |
|
|
|a Slovenská národná knižnica
|
| 852 |
|
|
|a Slovenská národná knižnica
|
| 954 |
|
|
|a odborná, vedecká literatúra pôvodná (slovenská)
|2 lita
|
| 958 |
|
|
|a article27
|
| 958 |
|
|
|a OND
|
| 958 |
|
|
|a RK
|
| 958 |
|
|
|a EUIPO
|
| 992 |
|
|
|a RBX
|
| 999 |
|
|
|c 3219134
|d 3221064
|